| 000 -LEADER |
| fixed length control field |
00634nam a2200229Ia 4500 |
| 001 - CONTROL NUMBER |
| control field |
1977 |
| 003 - CONTROL NUMBER IDENTIFIER |
| control field |
GE_BSU |
| 008 - FIXED-LENGTH DATA ELEMENTS--GENERAL INFORMATION |
| fixed length control field |
181216s||||||||xx |||||||||||||| ||und|| |
| 020 ## - INTERNATIONAL STANDARD BOOK NUMBER |
| International Standard Book Number |
5732007954 |
| 040 ## - CATALOGING SOURCE |
| Transcribing agency |
GE_BSU |
| 080 ## - UNIVERSAL DECIMAL CLASSIFICATION NUMBER |
| Universal Decimal Classification number |
659.4 |
| 100 ## - MAIN ENTRY--PERSONAL NAME |
| Personal name |
Зайка,Н.К. |
| 245 ## - TITLE STATEMENT |
| Title |
Правовые основы средств массовой информации |
| 245 ## - TITLE STATEMENT |
| Remainder of title |
Уч-е пособие |
| 260 ## - PUBLICATION, DISTRIBUTION, ETC. |
| Place of publication, distribution, etc. |
СПБ |
| 260 ## - PUBLICATION, DISTRIBUTION, ETC. |
| Name of publisher, distributor, etc. |
Знание |
| 260 ## - PUBLICATION, DISTRIBUTION, ETC. |
| Date of publication, distribution, etc. |
2005 |
| 300 ## - PHYSICAL DESCRIPTION |
| Extent |
72стр. 19см. |
| 653 ## - INDEX TERM--UNCONTROLLED |
| Uncontrolled term |
Правовые основы средств массовой информации |
| 942 ## - ADDED ENTRY ELEMENTS (KOHA) |
| Koha item type |
წიგნი |